Défense de la declaration de l'assemblée du clergé de France 1682. Touchant la puissance ecclesiastique.

Detalles Bibliográficos
Autor principal: BOSSUET, Jacobo Benigno
Formato: Libro
Publicado: Amsterdam 1745
Materias:
Colección:Banco de datos
Acervo:Biblioteca del Convento de San Pablo. Yuririahupándaro. Guanajuato
Descripción Física:t. II
Tema general:Apologética
Notas:Buena. No identificada 3. 2E, 4, 23 (82 2E4).
LEADER 00732nam a22002050004500
035 |a 34705 
036 |a 346 
100 1 |a BOSSUET, Jacobo Benigno 
245 1 0 |a Défense de la declaration de l'assemblée du clergé de France 1682. Touchant la puissance ecclesiastique. 
260 |a Amsterdam  |c 1745 
300 |a t. II 
500 |a Buena. No identificada 3. 2E, 4, 23 (82 2E4). 
650 1 0 |a Apologética 
949 |a CRG-CY 
959 |a Ex convento de San Pablo, Museo Regional de Yuririahpúndaro, Guanajuato  |b CCC9 
960 |a Convento San Pablo Yuririahpúndaro, Guanajuato  |b DD86 
961 |a Agustina  |b OA 
942 |c CRG-CY 
943 |g Biblioteca del Convento de San Pablo. Yuririahupándaro. Guanajuato 
999 |c 955371  |d 955371